[Event "IECG CE.2003.0.00047 email"]
[Site "IECG email"]
[Date "2003.02.19"]
[Round "?"]
[White "Brown, Lee"]
[Black "Biardi, Giacomo"]
[Result "0-1"]
[WhiteElo "1300"]
[BlackElo "1263"]
[PlyCount "72"]
[EventDate "2003.02.19"]
[EventType "tourn (corr)"]
[EventRounds "6"]
[SourceTitle "Corr 2008"]
[Source "ChessBase"]
[SourceDate "2008.06.24"]
[SourceVersion "1"]
[SourceVersionDate "2008.06.24"]
[SourceQuality "1"]

1. e4 c5 2. Nf3 d6 3. d4 cxd4 4. Nxd4 Nf6 5. Nc3 Nc6 6. Bc4 Qb6 7. Nb3 e6 8. Be3 Qc7 9. f4 a6 10. Bd3 Be7 11. a3 0-0 12. Qf3 Bd7 13. 0-0 b5 14. Rae1 b4 15. Nd5 exd5 16. exd5 Na5 17. Nxa5 Qxa5 18. Bd2 Bd8 19. Kh1 Qxd5 20. Bxb4 Qxf3 21. Rxf3 Bc7 22. f5 a5 23. Bc3 Rfe8 24. Ref1 Bc6 25. Rh3 Bb6 26. Bxf6 gxf6 27. Rg3+ Kf8 28. h3 a4 29. Rg4 Rab8 30. b4 axb3 31. cxb3 Re3 32. Rh4 Rxd3 33. Rxh7 Re8 34. Rb1 Re2 35. Rh8+ Kg7 36. Rb8 Rxh3# 0-1

[Event "IECG CE.2003.0.00047 email"]
[Site "IECG email"]
[Date "2003.02.19"]
[Round "?"]
[White "Trevis, Robert R"]
[Black "Brown, Lee"]
[Result "1-0"]
[WhiteElo "1332"]
[BlackElo "1300"]
[PlyCount "45"]
[EventDate "2003.02.19"]
[EventType "tourn (corr)"]
[EventRounds "6"]
[SourceTitle "Corr 2008"]
[Source "ChessBase"]
[SourceDate "2008.06.24"]
[SourceVersion "1"]
[SourceVersionDate "2008.06.24"]
[SourceQuality "1"]

1. e4 c5 2. c3 Nf6 3. e5 Nd5 4. d4 cxd4 5. cxd4 e6 6. Nf3 b6 7. Bd3 Bb4+ 8. Bd2 Bxd2+ 9. Qxd2 Bb7 10. 0-0 Nc6 11. Nc3 Ncb4 12. Be4 Rc8 13. a3 Na6 14. Nb5 0-0 15. Nd6 Rb8 16. Qd3 Nac7 17. Bxh7+ Kh8 18. Nxb7 Rxb7 19. Be4 d6 20. exd6 Qxd6 21. Ng5 f5 22. Qh3+ Kg8 23. Qh7# 1-0

[Event "IECG QE.2003.0.00037"]
[Site "IECG email"]
[Date "2003.02.12"]
[Round "?"]
[White "Brown, Lee"]
[Black "Mori, Roberto"]
[Result "0-1"]
[WhiteElo "1300"]
[BlackElo "1235"]
[PlyCount "24"]
[EventDate "2003.02.12"]
[EventType "tourn (corr)"]
[EventRounds "6"]
[SourceTitle "Corr 2024"]
[Source "ChessBase"]
[SourceDate "2023.10.19"]
[SourceVersion "1"]
[SourceVersionDate "2023.10.19"]
[SourceQuality "1"]

1. e4 e5 2. Nf3 Nc6 3. Bc4 Nf6 4. Ng5 d5 5. exd5 Nxd5 6. Qf3 Be6 7. Nxe6 fxe6 8. Bb5 Ndb4 9. Ba4 Qf6 10. Qc3 0-0-0 11. a3 Nd5 12. Qc4 Nb6 0-1